logo

Bir Sreshtho Munshi Abdur Rouf Library
Jhenaidah Cadet College

A short history of English words / (Record no. 8694)

MARC details
000 -LEADER
fixed length control field 00708cam a22002531 4500
001 - CONTROL NUMBER
JCCL Control Number 8694
003 - CONTROL NUMBER IDENTIFIER
JCCL marc code BD-JhCC
005 - DATE AND TIME OF LATEST TRANSACTION
control field 20180529103335.0
008 - FIXED-LENGTH DATA ELEMENTS--GENERAL INFORMATION
fixed length control field 720524s1934 enk 000 0 eng
035 ## - SYSTEM CONTROL NUMBER
system control number (BD-JhCC)8694
035 ## - SYSTEM CONTROL NUMBER
system control number BD-JhCC
040 ## - CATALOGING SOURCE
Original cataloging agency DLC
Transcribing agency ODaWU
Modifying agency OCoLC
-- NGvP
-- DLC
-- BD-JhCC
041 ## - LANGUAGE CODE
Language code of Book eng
050 00 - LIBRARY OF CONGRESS CALL NUMBER
Classification number PE1075
Item number .G7
082 ## - DEWEY DECIMAL CLASSIFICATION NUMBER
Author mark and Year GRO 1934
Classification number 420.9
100 1# - MAIN ENTRY--PERSONAL NAME
Personal name Groom, Bernard,
Dates associated with a name 1892-
245 12 - TITLE STATEMENT
Title A short history of English words /
Statement of responsibility, etc by Bernard Groom.
260 ## - PUBLICATION, DISTRIBUTION, ETC. (IMPRINT)
Place of publication, distribution, etc London,
Name of publisher, distributor, etc Macmillan and co., limited,
Date of publication, distribution, etc 1934.
300 ## - PHYSICAL DESCRIPTION
Pagination vi, [2], 221, [1] p.
Dimensions 19 cm.
650 #0 - SUBJECT ADDED ENTRY--TOPICAL TERM
Topical term or geographic name as entry element English language
General subdivision History.
650 #0 - SUBJECT ADDED ENTRY--TOPICAL TERM
Topical term or geographic name as entry element English language
General subdivision Etymology.
942 ## - ADDED ENTRY ELEMENTS (KOHA)
Source of classification or shelving scheme Dewey Decimal Classification
Koha item type Books
Holdings
Source of classification or shelving scheme Damaged status Not for loan Home library Current library Shelving location Total Checkouts Full call number Barcode Date last seen Copy number Koha item type
Dewey Decimal Classification     JCC Rouf Library JCC Rouf Library General Stacks   420.9 GRO 1934 11457 03/01/2018 C - 1 Books

JCC Library | Contacts | JCC Home

Last Update on 23 September 2017
Copyright @ 2017-2020 JCC Rouf Library
Rouf Library, Jhenidah Cadet College (JCC), Bangladesh